书目信息 |
| 题名: |
无机非金属材料检测标准手册
|
|
| 作者: | 岳鹏 , 张惠 , 徐颖 编著 | |
| 分册: | 结构与功能材料卷 | |
| 出版信息: | 北京 中国质检出版社 2011 |
|
| 页数: | 12,302页 | |
| 开本: | 21cm | |
| 丛书名: | ||
| 单 册: | ||
| 中图分类: | TB39-65 , TB321-65 | |
| 科图分类: | ||
| 主题词: | 结构材料--检测--标准--手册 , 功能材料--检测--标准--手册 , 无机非金属材料 , 检测 , 结构材料 , 功能材料 , 无机非金属材料--检测--标准--手册 | |
| 电子资源: | ||
| ISBN: | 978-7-5066-6228-4 | |
| 000 | 01195nam0 2200325 450 | |
| 001 | 139119 | |
| 005 | 20140910123419.34 | |
| 010 | @a978-7-5066-6228-4@dCNY 26.00 | |
| 100 | @a20111019d2011 em y0chiy50 ea | |
| 101 | 0 | @achi |
| 102 | @aCN@b110000 | |
| 105 | @ay z 000yy | |
| 200 | 1 | @a无机非金属材料检测标准手册@Awu ji fei jin shu cai liao jian ce biao zhun shou ce@i结构与功能材料卷@b专著@f岳鹏,张惠,徐颖编著 |
| 210 | @a北京@c中国质检出版社@c中国标准出版社@d2011 | |
| 215 | @a12,302页@d21cm | |
| 330 | @a本书共分为七章,第一章概述了结构材料和功能材料定义和范围;第二章至第六章分别叙述了骨料、掺合料、砂浆、混凝土外加剂及混凝土等建筑结构材料检测标准;第七章叙述了建筑功能材料之一的绝热材料的检测标准。 | |
| 606 | 0 | @a结构材料@x检测@x标准@j手册 |
| 606 | 0 | @a功能材料@x检测@x标准@j手册 |
| 606 | 0 | @a无机非金属材料 |
| 606 | 0 | @a检测 |
| 606 | 0 | @a结构材料 |
| 606 | 0 | @a功能材料 |
| 606 | 0 | @a无机非金属材料@x检测@x标准@j手册 |
| 690 | @aTB39-65@v4 | |
| 690 | @aTB321-65@v4 | |
| 701 | 0 | @a岳鹏@Ayue peng@c(材料检测)@4编著 |
| 701 | 0 | @a张惠@Azhang hui@4编著 |
| 701 | 0 | @a徐颖@Axu ying@c(材料检测)@4编著 |
| 801 | 0 | @aCN@bZL@c20140910 |
| 905 | @a241430@dTB321-65@eY950 | |
| 无机非金属材料检测标准手册.结构与功能材料卷/岳鹏,张惠,徐颖编著.-北京:中国质检出版社:中国标准出版社,2011 |
| 12,302页;21cm |
| ISBN 978-7-5066-6228-4:CNY 26.00 |
| 本书共分为七章,第一章概述了结构材料和功能材料定义和范围;第二章至第六章分别叙述了骨料、掺合料、砂浆、混凝土外加剂及混凝土等建筑结构材料检测标准;第七章叙述了建筑功能材料之一的绝热材料的检测标准。 |
| ● |
| 相关链接 |
|
|
|
正题名:无机非金属材料检测标准手册
索取号:TB321-65/Y950
 
预约/预借
| 序号 | 登录号 | 条形码 | 馆藏地/架位号 | 状态 | 备注 |
| 1 | 0829345 | 208293452 | 期刊室512/501自科库 13排1列1层/ [索取号:TB321-65/Y950] | 在馆 | |
| 2 | 0829346 | 208293461 | 自科库501/501自科库 13排1列1层/ [索取号:TB321-65/Y950] | 在馆 | |
| 3 | 0829347 | 208293470 | 自科库501/501自科库 13排1列1层/ [索取号:TB321-65/Y950] | 在馆 |